[Event "Scarborough Foundation 47th"]
[Site "Scarborough"]
[Date "2024.10.27"]
[Round "5.16"]
[White "Clark, Steven"]
[Black "Stoneham, Brendan"]
[Result "1-0"]
[WhiteElo "1361"]
[BlackElo "1515"]
[PlyCount "103"]
[EventDate "2024.10.25"]
[EventType "swiss"]
[EventRounds "5"]
[EventCountry "ENG"]
[SourceTitle "BritBase"]
[Source "John Saunders"]
[SourceDate "2025.02.10"]
[SourceVersion "1"]
[SourceVersionDate "2025.02.10"]
[SourceQuality "1"]

1. e4 d6 2. Nc3 Nf6 3. d4 c6 4. Bg5 Qa5 5. Bxf6 exf6 6. d5 f5 7. Qd2 fxe4 8. dxc6 Nxc6 9. Qd5 Be6 10. Qxe4 Qe5 11. Qxe5 Nxe5 12. f4 Nc4 13. Bxc4 Bxc4 14. b3 Ba6 15. O-O-O Rc8 16. Nge2 Bxe2 17. Nxe2 Be7 18. Rhe1 O-O 19. Nd4 Bf6 20. Nf5 Rc3 21. Rxd6 Rfc8 22. Re2 R3c5 23. g4 h6 24. c4 b5 25. Kd1 bxc4 26. Ne7+ Bxe7 27. Rxe7 cxb3 28. axb3 Rc1+ 29. Ke2 R8c2+ 30. Rd2 Rxd2+ 31. Kxd2 Rh1 32. Re2 f6 33. Kc3 Kf7 34. Kc4 Rf1 35. Re4 Rc1+ 36. Kb5 Rc2 37. h4 g6 38. Ra4 g5 39. Rxa7+ Ke6 40. Ra6+ Ke7 41. hxg5 hxg5 42. fxg5 fxg5 43. Rg6 Re2 44. Rxg5 Kf6 45. Rh5 Kg6 46. b4 Re4 47. Rh8 Kg7 48. Rh4 Kg6 49. Kc5 Kg5 50. Rh8 Re5+ 51. Kd4 Rb5 52. Rh5+ 1-0

[Event "Scarborough Foundation 47th"]
[Site "Scarborough"]
[Date "2024.10.27"]
[Round "5.17"]
[White "Baker, Andrew"]
[Black "Johnson, Ian"]
[Result "1/2-1/2"]
[WhiteElo "1321"]
[BlackElo "1510"]
[PlyCount "34"]
[EventDate "2024.10.25"]
[EventType "swiss"]
[EventRounds "5"]
[EventCountry "ENG"]
[SourceTitle "BritBase"]
[Source "John Saunders"]
[SourceDate "2025.02.10"]
[SourceVersion "1"]
[SourceVersionDate "2025.02.10"]
[SourceQuality "1"]

1. e4 c6 2. Nf3 d5 3. exd5 cxd5 4. d4 Bg4 5. c3 Nf6 6. Be2 e6 7. Nbd2 Be7 8. Ne5 Bxe2 9. Qxe2 O-O 10. O-O Nbd7 11. f4 Rc8 12. Ndf3 Ne4 13. Nd2 Ndf6 14. Nxe4 Nxe4 15. Rf3 a6 16. Rh3 Nf6 17. Bd2 b5 1/2-1/2

[Event "Scarborough Foundation 47th"]
[Site "Scarborough"]
[Date "2024.10.27"]
[Round "5.18"]
[White "Wright, George A"]
[Black "Farrow, Ian"]
[Result "1-0"]
[WhiteElo "1320"]
[BlackElo "1483"]
[PlyCount "77"]
[EventDate "2024.10.25"]
[EventType "swiss"]
[EventRounds "5"]
[EventCountry "ENG"]
[SourceTitle "BritBase"]
[Source "John Saunders"]
[SourceDate "2025.02.10"]
[SourceVersion "1"]
[SourceVersionDate "2025.02.10"]
[SourceQuality "1"]

1. d4 Nf6 2. c4 c5 3. d5 b5 4. cxb5 a6 5. bxa6 Bxa6 6. Nc3 d6 7. g3 g6 8. Bg2 Bg7 9. Nf3 O-O 10. O-O Nbd7 11. Re1 Nb6 12. e4 Nfd7 13. Bd2 Nc4 14. Qc2 Nce5 15. a4 Nd3 16. Reb1 Nb4 17. Qd1 Bd3 18. Rc1 Qb8 19. Bf1 c4 20. Nb5 Na6 21. Bc3 Nac5 22. Bxg7 Kxg7 23. Nfd4 Bxf1 24. Kxf1 Nd3 25. Rc2 Rc8 26. Nc6 Qb6 27. Nxe7 N7e5 28. Nxc8 Rxc8 29. Qe2 h5 30. Qe3 Qa6 31. Qa7 Qxa7 32. Nxa7 Rb8 33. Nb5 Rb6 34. Rb1 Nb4 35. Rc3 Na2 36. Ra3 Nb4 37. Nd4 Ned3 38. a5 Ra6 39. Nc6 1-0

[Event "Scarborough Foundation 47th"]
[Site "Scarborough"]
[Date "2024.10.27"]
[Round "5.19"]
[White "Carey, Con"]
[Black "Haydock, Natalie"]
[Result "1-0"]
[WhiteElo "1472"]
[BlackElo "1337"]
[PlyCount "63"]
[EventDate "2024.10.25"]
[EventType "swiss"]
[EventRounds "5"]
[EventCountry "ENG"]
[SourceTitle "BritBase"]
[Source "John Saunders"]
[SourceDate "2025.02.10"]
[SourceVersion "1"]
[SourceVersionDate "2025.02.10"]
[SourceQuality "1"]

1. d4 d6 2. e4 Nf6 3. Nc3 g6 4. h3 Bg7 5. Be3 O-O 6. Nf3 Nc6 7. Qd2 Re8 8. O-O-O a5 9. Bb5 Bd7 10. e5 dxe5 11. dxe5 Nxe5 12. Nxe5 Bxb5 13. Qxd8 Rexd8 14. Nxb5 Rxd1+ 15. Rxd1 c6 16. Nc3 Ne8 17. Ng4 f5 18. Nh2 b5 19. f4 e5 20. fxe5 Bxe5 21. Nf3 Bg3 22. Ne2 Bc7 23. Rd7 a4 24. Ned4 Bb6 25. Bh6 c5 26. Nxb5 c4 27. a3 Ra5 28. Nc3 Bf2 29. Re7 Nf6 30. Rg7+ Kh8 31. Rc7 Ne4 32. Rc8# 1-0

[Event "Scarborough Foundation 47th"]
[Site "Scarborough"]
[Date "2024.10.27"]
[Round "5.20"]
[White "Harold, Lawrence"]
[Black "Cockerill, Martin K"]
[Result "0-1"]
[WhiteElo "1422"]
[BlackElo "1304"]
[PlyCount "108"]
[EventDate "2024.10.25"]
[EventType "swiss"]
[EventRounds "5"]
[EventCountry "ENG"]
[SourceTitle "BritBase"]
[Source "John Saunders"]
[SourceDate "2025.02.10"]
[SourceVersion "1"]
[SourceVersionDate "2025.02.10"]
[SourceQuality "1"]

1. e4 e6 2. d4 d5 3. Nc3 dxe4 4. Nxe4 Nf6 5. Bg5 Be7 6. Nxf6+ Bxf6 7. Bxf6 Qxf6 8. Nf3 O-O 9. Bc4 Rd8 10. c3 b6 11. Ne5 Bb7 12. O-O Qg5 13. Qg4 Qxg4 14. Nxg4 Nc6 15. Rad1 Rd6 16. Ne5 Rad8 17. Rfe1 Nxe5 18. Rxe5 c5 19. Bb3 cxd4 20. c4 d3 21. f3 d2 22. Bc2 Rd4 23. Be4 Rxc4 24. Kf1 Rc1 25. Ke2 Ba6+ 26. Bd3 Rxd3 27. Rxd2 Rxd2+ 28. Kxd2 Rc5 29. Re3 Rd5+ 30. Ke1 g6 31. b4 Kg7 32. Rc3 Re5+ 33. Kd1 Re2 34. a4 Rxg2 35. Rc7 Be2+ 36. Ke1 a5 37. bxa5 bxa5 38. Rc5 Bxf3 39. Rxa5 Rxh2 40. Rc5 Ra2 41. a5 h5 42. Kf1 Bd5 43. Kg1 Kf6 44. Kf1 Ke5 45. Ke1 Kd4 46. Rc7 Ke3 47. Rc3+ Kd4 48. Rc7 e5 49. Rc1 Rxa5 50. Rd1+ Ke4 51. Kf1 Bc4+ 52. Kg1 Kf3 53. Rd2 Ra1+ 54. Kh2 Ra2 0-1

[Event "Scarborough Foundation 47th"]
[Site "Scarborough"]
[Date "2024.10.27"]
[Round "5.21"]
[White "Handa, Anant"]
[Black "Lovegrove, David Charles"]
[Result "0-1"]
[WhiteElo "1303"]
[BlackElo "1419"]
[PlyCount "98"]
[EventDate "2024.10.25"]
[EventType "swiss"]
[EventRounds "5"]
[EventCountry "ENG"]
[SourceTitle "BritBase"]
[Source "John Saunders"]
[SourceDate "2025.02.10"]
[SourceVersion "1"]
[SourceVersionDate "2025.02.10"]
[SourceQuality "1"]

1. c4 Nf6 2. d4 h6 3. Nc3 e6 4. Nf3 Be7 5. Bf4 d6 6. e3 Nh5 7. Ne2 Nxf4 8. Nxf4 Nd7 9. Qb3 Nf6 10. Bd3 c6 11. O-O Qc7 12. Rfe1 e5 13. dxe5 dxe5 14. Ng6 Rg8 15. Ngxe5 Be6 16. Rac1 c5 17. Red1 Bd6 18. Qb5+ Kf8 19. Be2 a5 20. Nd3 a4 21. Nde5 Ra5 22. Nd7+ Bxd7 23. Qxa5 Qxa5 24. Rxd6 Ke7 25. Rcd1 Rf8 26. Ne5 Be6 27. Bf3 Qc7 28. Be2 Qxd6 29. Rxd6 Kxd6 30. f4 Ne4 31. Bf3 Nd2 32. Bxb7 Nxc4 33. Nd3 Nxe3 34. a3 Bd7 35. Kf2 Re8 36. Ne5 Ng4+ 37. Nxg4 Bxg4 38. Kg3 Bd1 39. Ba6 Rb8 40. Bc4 Rxb2 41. Bxf7 Bb3 42. Bg6 c4 43. h4 c3 44. Kh3 c2 45. Bxc2 Bxc2 46. g3 Rb3 47. Kg4 Ke6 48. Kh5 Rxg3 49. f5+ Ke5 0-1

[Event "Scarborough Foundation 47th"]
[Site "Scarborough"]
[Date "2024.10.27"]
[Round "5.22"]
[White "Hicks, Noah"]
[Black "Kennedy, Liam"]
[Result "0-1"]
[WhiteElo "1292"]
[BlackElo "1419"]
[PlyCount "44"]
[EventDate "2024.10.25"]
[EventType "swiss"]
[EventRounds "5"]
[EventCountry "ENG"]
[SourceTitle "BritBase"]
[Source "John Saunders"]
[SourceDate "2025.02.10"]
[SourceVersion "1"]
[SourceVersionDate "2025.02.10"]
[SourceQuality "1"]

1. d4 d5 2. Nf3 Nf6 3. Bf4 Bf5 4. e3 c5 5. Bb5+ Nc6 6. Ne5 Rc8 7. Nxc6 bxc6 8. Be2 e6 9. c3 Be7 10. Ba6 Rb8 11. Bxb8 Qxb8 12. b3 O-O 13. Bd3 Bg4 14. Be2 Bf5 15. Bd3 Bg4 16. f3 Bh5 17. O-O Bd6 18. Kh1 Bxh2 19. Qe1 Bg3 20. Qd2 Qd8 21. f4 Ne4 22. Bxe4 Qh4+ 0-1

[Event "Scarborough Foundation 47th"]
[Site "Scarborough"]
[Date "2024.10.27"]
[Round "5.24"]
[White "Chadwick, Donna"]
[Black "Edwards, Matthew"]
[Result "0-1"]
[WhiteElo "1187"]
[BlackElo "1414"]
[PlyCount "68"]
[EventDate "2024.10.25"]
[EventType "swiss"]
[EventRounds "5"]
[EventCountry "ENG"]
[SourceTitle "BritBase"]
[Source "John Saunders"]
[SourceDate "2025.02.10"]
[SourceVersion "1"]
[SourceVersionDate "2025.02.10"]
[SourceQuality "1"]

1. d4 b6 2. c4 Bb7 3. Nc3 e6 4. e4 d5 5. exd5 exd5 6. Nf3 Bb4 7. Qa4+ Nc6 8. Bd2 Qe7+ 9. Be2 O-O-O 10. cxd5 Bxc3 11. dxc6 Bxd2+ 12. Nxd2 Ba8 13. Qxa7 Bxc6 14. Nf3 Bxf3 15. gxf3 Qb4+ 16. Kf1 Nf6 17. f4 Kd7 18. Qb7 Rb8 19. Qg2 Qxb2 20. Qh3+ Kd6 21. Kg2 Qxe2 22. Rhe1 Qg4+ 23. Qg3 Qxg3+ 24. fxg3 Rhe8 25. Re5 Ng4 26. Rg5 Ne3+ 27. Kf3 g6 28. Re5 Nc4 29. Rb5 Ra8 30. Rc1 Ra3+ 31. Kf2 Rxa2+ 32. Kg1 c6 33. Rbb1 Kd5 34. h4 Re3 0-1

[Event "Scarborough Foundation 47th"]
[Site "Scarborough"]
[Date "2024.10.27"]
[Round "5.25"]
[White "Rozman, Scarlett"]
[Black "Hicks, Sean"]
[Result "1-0"]
[WhiteElo "1413"]
[BlackElo "1224"]
[PlyCount "51"]
[EventDate "2024.10.25"]
[EventType "swiss"]
[EventRounds "5"]
[EventCountry "ENG"]
[SourceTitle "BritBase"]
[Source "John Saunders"]
[SourceDate "2025.02.10"]
[SourceVersion "1"]
[SourceVersionDate "2025.02.10"]
[SourceQuality "1"]

1. d4 d6 2. c4 Nf6 3. Nf3 g6 4. Bg5 Bg7 5. Nc3 h6 6. Bf4 Nc6 7. d5 Nb4 8. Qa4+ c6 9. Qxb4 a5 10. Qb3 a4 11. Qc2 cxd5 12. cxd5 Qa5 13. e4 Nxe4 14. Bd2 Qc5 15. Qxe4 Bf5 16. Qe3 Qb4 17. Be2 g5 18. O-O g4 19. Nh4 Bd4 20. Qf4 g3 21. Nxf5 Bxf2+ 22. Rxf2 gxf2+ 23. Qxf2 Qxb2 24. Bb5+ Kf8 25. Bxh6+ Kg8 26. Qg3+ 1-0

[Event "Scarborough Foundation 47th"]
[Site "Scarborough"]
[Date "2024.10.27"]
[Round "5.26"]
[White "Smart, A David"]
[Black "Todd, James"]
[Result "1/2-1/2"]
[WhiteElo "1547"]
[BlackElo "1191"]
[PlyCount "34"]
[EventDate "2024.10.25"]
[EventType "swiss"]
[EventRounds "5"]
[EventCountry "ENG"]
[SourceTitle "BritBase"]
[Source "John Saunders"]
[SourceDate "2025.02.10"]
[SourceVersion "1"]
[SourceVersionDate "2025.02.10"]
[SourceQuality "1"]

1. d4 d5 2. Nf3 Bf5 3. e3 e6 4. Bd3 Bxd3 5. cxd3 c6 6. O-O Nd7 7. Nc3 Ngf6 8. Re1 Be7 9. h3 Qc7 10. Bd2 O-O 11. Rc1 a6 12. e4 Nb6 13. e5 Nfd7 14. Na4 Nxa4 15. Qxa4 b5 16. Qd1 a5 17. Rc2 Ra6 1/2-1/2

[Event "Scarborough Foundation 47th"]
[Site "Scarborough"]
[Date "2024.10.27"]
[Round "5.27"]
[White "Nettleship, Andrew"]
[Black "Gartside, Jenny"]
[Result "0-1"]
[WhiteElo "1527"]
[BlackElo "1168"]
[PlyCount "40"]
[EventDate "2024.10.25"]
[EventType "swiss"]
[EventRounds "5"]
[EventCountry "ENG"]
[SourceTitle "BritBase"]
[Source "John Saunders"]
[SourceDate "2025.02.10"]
[SourceVersion "1"]
[SourceVersionDate "2025.02.10"]
[SourceQuality "1"]

1. e4 e6 2. d4 d5 3. e5 c5 4. c3 Nc6 5. Nf3 Bd7 6. Bd3 Qb6 7. dxc5 Bxc5 8. Qc2 h6 9. O-O Qc7 10. Bf4 g5 11. Bg3 O-O-O 12. b4 Be7 13. a4 g4 14. b5 gxf3 15. bxc6 bxc6 16. gxf3 h5 17. h4 Nh6 18. f4 Rhg8 19. f5 Bxh4 20. Kg2 Qxe5 0-1

[Event "Scarborough Foundation 47th"]
[Site "Scarborough"]
[Date "2024.10.27"]
[Round "5.28"]
[White "Noble, Ronnie"]
[Black "Sutton, Ronnie"]
[Result "1-0"]
[WhiteElo "1305"]
[BlackElo "1039"]
[PlyCount "55"]
[EventDate "2024.10.25"]
[EventType "swiss"]
[EventRounds "5"]
[EventCountry "ENG"]
[SourceTitle "BritBase"]
[Source "John Saunders"]
[SourceDate "2025.02.10"]
[SourceVersion "1"]
[SourceVersionDate "2025.02.10"]
[SourceQuality "1"]

1. e4 e5 2. f4 exf4 3. Nf3 d5 4. exd5 Qxd5 5. Nc3 Qd8 6. d4 Nf6 7. Bxf4 Bb4 8. Bd2 O-O 9. Be2 Nc6 10. a3 Bxc3 11. bxc3 h6 12. O-O Re8 13. Ne1 Ne7 14. Bf3 Ng6 15. Bh5 b6 16. Bxg6 fxg6 17. Nf3 Bb7 18. Rf2 Qd6 19. Ne5 Qd5 20. Nxg6 Ne4 21. Nf4 Qf5 22. g4 Qf7 23. Rf1 Rf8 24. Be1 g5 25. Bg3 gxf4 26. Bxf4 Qd5 27. Qd3 Ng5 28. Qg6+ 1-0

[Event "Scarborough Foundation 47th"]
[Site "Scarborough"]
[Date "2024.10.27"]
[Round "5.29"]
[White "Haydock, Mark"]
[Black "Virgos Matilla, Luis"]
[Result "0-1"]
[WhiteElo "1186"]
[BlackElo "1462"]
[PlyCount "92"]
[EventDate "2024.10.25"]
[EventType "swiss"]
[EventRounds "5"]
[EventCountry "ENG"]
[SourceTitle "BritBase"]
[Source "John Saunders"]
[SourceDate "2025.02.10"]
[SourceVersion "1"]
[SourceVersionDate "2025.02.10"]
[SourceQuality "1"]

1. d4 Nf6 2. Bf4 e6 3. e3 c5 4. c3 cxd4 5. exd4 d5 6. Nf3 Be7 7. Ne5 O-O 8. Nd2 Nc6 9. Ndf3 Ne4 10. h4 Bd6 11. Bd3 Ne7 12. Ng5 h6 13. g3 Bd7 14. Qh5 Be8 15. Qe2 Qc8 16. Nxe4 dxe4 17. Qxe4 f5 18. Qe3 Nd5 19. Qe2 Nxf4 20. gxf4 Rf6 21. h5 Bxe5 22. Qxe5 Qc6 23. Kd2 Qf3 24. Rag1 Bxh5 25. Rxh5 Qxf2+ 26. Be2 Qxg1 27. d5 Rd8 28. c4 exd5 29. c5 d4 30. Bc4+ Kf8 31. Qc7 Qe3+ 32. Kc2 d3+ 33. Kc3 d2+ 34. Kb4 d1=Q 35. b3 Qed2+ 36. Ka3 a5 37. Qxb7 Qxh5 38. c6 Qb4+ 39. Qxb4+ axb4+ 40. Kxb4 Rxc6 41. Kb5 Rxc4 42. bxc4 Qe2 43. a4 Rc8 44. a5 Qxc4+ 45. Kb6 Rb8+ 46. Ka7 Qc7+ 0-1

[Event "Scarborough Foundation 47th"]
[Site "Scarborough"]
[Date "2024.10.27"]
[Round "5.30"]
[White "Fairfield, Connor"]
[Black "Smith, Alan"]
[Result "1-0"]
[WhiteElo "1244"]
[BlackElo "1066"]
[PlyCount "113"]
[EventDate "2024.10.25"]
[EventType "swiss"]
[EventRounds "5"]
[EventCountry "ENG"]
[SourceTitle "BritBase"]
[Source "John Saunders"]
[SourceDate "2025.02.10"]
[SourceVersion "1"]
[SourceVersionDate "2025.02.10"]
[SourceQuality "1"]

1. e4 e5 2. Nf3 Nf6 3. Nxe5 Nc6 4. Nf3 Nxe4 5. Qe2 Qe7 6. d3 Nf6 7. Qxe7+ Bxe7 8. Bf4 Nd5 9. Bg3 Bf6 10. c3 O-O 11. Nbd2 d6 12. Ne4 Re8 13. O-O-O Be5 14. Nxe5 Nxe5 15. d4 Ng4 16. Bc4 Nb6 17. Bd3 Bf5 18. Nf6+ Nxf6 19. Bxf5 g6 20. Bd3 Rad8 21. Bh4 Re6 22. Rde1 Rde8 23. Rxe6 Rxe6 24. f3 Nfd5 25. Re1 Rxe1+ 26. Bxe1 Nf4 27. Bf1 Nbd5 28. g3 Ne6 29. Bd2 a5 30. c4 Nf6 31. Bxa5 Nxd4 32. Bc3 Nxf3 33. Bxf6 h5 34. Bg2 Ne5 35. Bxe5 dxe5 36. Bxb7 f5 37. a4 e4 38. a5 g5 39. a6 f4 40. a7 f3 41. a8=Q+ Kg7 42. Bd5 f2 43. Qg8+ Kh6 44. Qf8+ Kg6 45. Qxf2 c6 46. Bxe4+ Kg7 47. Qf5 c5 48. Qxg5+ Kf7 49. Bg6+ Kg7 50. Bxh5+ Kf8 51. Qxc5+ Kg7 52. b4 Kf6 53. b5 Ke6 54. b6 Kf6 55. b7 Ke6 56. b8=Q Kd7 57. Bg4# 1-0

[Event "Scarborough Foundation 47th"]
[Site "Scarborough"]
[Date "2024.10.27"]
[Round "5.31"]
[White "Iyer, Vihaan Mahesh"]
[Black "Conyers-Kelly, Toby"]
[Result "0-1"]
[WhiteElo "1017"]
[BlackElo "1191"]
[PlyCount "72"]
[EventDate "2024.10.25"]
[EventType "swiss"]
[EventRounds "5"]
[EventCountry "ENG"]
[SourceTitle "BritBase"]
[Source "John Saunders"]
[SourceDate "2025.02.10"]
[SourceVersion "1"]
[SourceVersionDate "2025.02.10"]
[SourceQuality "1"]

1. e4 e5 2. Nf3 d6 3. h3 Nf6 4. d3 h6 5. c4 Be6 6. b3 c5 7. Bb2 Nc6 8. Nc3 Qa5 9. Qd2 Nd4 10. Nxd4 cxd4 11. Nd5 Qxd2+ 12. Kxd2 Nxd5 13. cxd5 Bd7 14. g3 Be7 15. f4 f6 16. Rc1 O-O 17. Rc7 Rfd8 18. Rxb7 Kf8 19. Bc1 Bc8 20. Rb4 Rd7 21. g4 Bd8 22. Ra4 Rb7 23. Kd1 a5 24. Be2 Bd7 25. Ra3 Bb6 26. b4 Rc8 27. Bd2 axb4 28. Bxb4 Bc5 29. Bxc5 Rxc5 30. Ra8+ Kf7 31. Kd2 Rb2+ 32. Ke1 Rc1+ 33. Bd1 exf4 34. Ra7 Ke7 35. h4 f3 36. Rf1 Re2# 0-1

[Event "Scarborough Foundation 47th"]
[Site "Scarborough"]
[Date "2024.10.27"]
[Round "5.32"]
[White "Lau, Louis"]
[Black "Ward, Colin"]
[Result "1-0"]
[WhiteElo "1125"]
[BlackElo "1001"]
[PlyCount "101"]
[EventDate "2024.10.25"]
[EventType "swiss"]
[EventRounds "5"]
[EventCountry "ENG"]
[SourceTitle "BritBase"]
[Source "John Saunders"]
[SourceDate "2025.02.10"]
[SourceVersion "1"]
[SourceVersionDate "2025.02.10"]
[SourceQuality "1"]

1. e4 e5 2. Nf3 Nc6 3. Bc4 Nf6 4. d3 d5 5. exd5 Nxd5 6. Nc3 Bb4 7. Bd2 Bxc3 8. Bxc3 Nxc3 9. bxc3 Bg4 10. O-O Bxf3 11. Qxf3 O-O 12. Bd5 Qf6 13. Rab1 Qxf3 14. Bxf3 Na5 15. Rb5 Nc6 16. Rxb7 e4 17. Bxe4 Ne5 18. Rxc7 Rac8 19. Rxc8 Rxc8 20. c4 Rb8 21. Bd5 Rb2 22. Rc1 Rxa2 23. h3 Nd7 24. Kf1 Nb6 25. Ke2 Nxd5 26. cxd5 Ra5 27. c4 Kf8 28. Rb1 Ke7 29. Rb7+ Kf6 30. d6 Ra6 31. c5 Ra2+ 32. Ke3 Rc2 33. Kd4 Rxf2 34. c6 Re2 35. Rxa7 Re8 36. d7 Rd8 37. Rc7 Ke6 38. Kc5 f5 39. Rc8 Rxd7 40. cxd7 Kxd7 41. Rh8 h6 42. Kd5 Ke7 43. Ke5 Kf7 44. Kxf5 g6+ 45. Kg4 Kg7 46. Ra8 h5+ 47. Kg5 Kf7 48. d4 Kg7 49. Ra7+ Kh8 50. Kxg6 h4 51. Ra8# 1-0

[Event "Scarborough Foundation 47th"]
[Site "Scarborough"]
[Date "2024.10.27"]
[Round "5.35"]
[White "Britton, Nicola"]
[Black "Ramanathan, Vaidy"]
[Result "0-1"]
[WhiteElo "1160"]
[BlackElo "1164"]
[PlyCount "102"]
[EventDate "2024.10.25"]
[EventType "swiss"]
[EventRounds "5"]
[EventCountry "ENG"]
[SourceTitle "BritBase"]
[Source "John Saunders"]
[SourceDate "2025.02.10"]
[SourceVersion "1"]
[SourceVersionDate "2025.02.10"]
[SourceQuality "1"]

1. e4 g6 2. d4 e6 3. Nf3 Bg7 4. Be2 b6 5. Nc3 Bb7 6. O-O Nf6 7. e5 Nd5 8. Nxd5 Bxd5 9. b3 O-O 10. c4 Bb7 11. Ba3 d6 12. Rc1 Re8 13. c5 bxc5 14. dxc5 dxe5 15. Qxd8 Rxd8 16. Rfd1 Nc6 17. Rxd8+ Rxd8 18. h3 Nd4 19. Nxd4 exd4 20. c6 Bc8 21. Be7 Re8 22. Bc5 a6 23. Bd3 e5 24. f3 h6 25. Re1 f5 26. Bc4+ Kh7 27. a4 e4 28. fxe4 fxe4 29. Rf1 Be6 30. Bxe6 Rxe6 31. Rf7 d3 32. Bd4 d2 33. Rxg7+ Kh8 34. Rxc7+ Kg8 35. Rc8+ Kf7 36. c7 d1=Q+ 37. Kh2 Qxd4 38. Ra8 Qe5+ 39. g3 Qxc7 40. h4 Re8 41. Rxa6 Rb8 42. h5 gxh5 43. Rxh6 Kg7 44. Rxh5 Rxb3 45. Rg5+ Kf6 46. Rg4 e3 47. Re4 e2 48. Rxe2 Qxg3+ 49. Kh1 Qf3+ 50. Kh2 Qxe2+ 51. Kg1 Rb1# 0-1